<?xml version="1.0" encoding="UTF-8"?>
<record
    xmlns:xsi="http://www.w3.org/2001/XMLSchema-instance"
    xsi:schemaLocation="http://www.loc.gov/MARC21/slim http://www.loc.gov/standards/marcxml/schema/MARC21slim.xsd"
    xmlns="http://www.loc.gov/MARC21/slim">

  <leader>02624ngm a22004817a 4500</leader>
  <controlfield tag="006">a|||||s|||||00| 0 </controlfield>
  <controlfield tag="007">tz</controlfield>
  <controlfield tag="008">110620s2004    cau|||||s|||| 00| 0 eng d</controlfield>
  <datafield tag="020" ind1=" " ind2=" ">
    <subfield code="a">024543115687</subfield>
  </datafield>
  <datafield tag="082" ind1=" " ind2=" ">
    <subfield code="2">22</subfield>
    <subfield code="a">791.4372</subfield>
    <subfield code="b">ZOR</subfield>
  </datafield>
  <datafield tag="245" ind1="0" ind2="0">
    <subfield code="a">Zorba the Greek</subfield>
    <subfield code="h">[videorecording] /</subfield>
    <subfield code="c">20th Century Fox ; screenplay by Michael Cacoyannis ; produced and directed by Michael Cacoyannis. </subfield>
  </datafield>
  <datafield tag="260" ind1=" " ind2=" ">
    <subfield code="a"> Beverly Hills, Calif. : </subfield>
    <subfield code="b">20th Century Fox Home Entertainment, 2004.</subfield>
    <subfield code="c">2004</subfield>
  </datafield>
  <datafield tag="300" ind1=" " ind2=" ">
    <subfield code="a">1 videodisc (ca. 142 min.) : </subfield>
    <subfield code="b">sd., b&amp;w ; </subfield>
    <subfield code="c">4 3/4 in.</subfield>
  </datafield>
  <datafield tag="490" ind1=" " ind2=" ">
    <subfield code="9">25599</subfield>
    <subfield code="a">Studio Classic;</subfield>
    <subfield code="n">21</subfield>
  </datafield>
  <datafield tag="500" ind1=" " ind2=" ">
    <subfield code="a">Originally released as a motion picture in 1964</subfield>
  </datafield>
  <datafield tag="500" ind1=" " ind2=" ">
    <subfield code="a">Based on the novel "The Viking" by Nikos Kazantzakis.</subfield>
  </datafield>
  <datafield tag="500" ind1=" " ind2=" ">
    <subfield code="a">Special features: Commentary by director Michael Cacoyannis; alternate introduction; "Anthony Quinn : A Lust for Life" as seen on Biography on the A&amp;E Network; Movietone news footage; theatrical trailers; behind-the-scenes still gallery</subfield>
  </datafield>
  <datafield tag="508" ind1=" " ind2=" ">
    <subfield code="a">Director of photography, Walter Lassally ; music, Mikis Theodorakis; edited by Michael Cacoyannis </subfield>
  </datafield>
  <datafield tag="511" ind1=" " ind2=" ">
    <subfield code="a">Lila Kedrova, Anthony Quinn, Alan Bates, Irene Pappas, George Foundas.</subfield>
  </datafield>
  <datafield tag="520" ind1=" " ind2=" ">
    <subfield code="a">A young British writer moves to Crete to find himself by working in his father's mine, and hires the playful Zorba. He falls in love with a lovely young widow. When she responds to him the townsmen attack her. </subfield>
  </datafield>
  <datafield tag="521" ind1=" " ind2=" ">
    <subfield code="a">MPAA rating: Not rated</subfield>
  </datafield>
  <datafield tag="538" ind1=" " ind2=" ">
    <subfield code="a">DVD,  region 1, NTSC; anamorphic widescreen (1.85:1) presentation; Dolby Digital stereo., Dolby Digital mono.</subfield>
  </datafield>
  <datafield tag="546" ind1=" " ind2=" ">
    <subfield code="a"> 	English, Spanish, or French with English or Spanish subtitles; closed-captioned.</subfield>
  </datafield>
  <datafield tag="586" ind1=" " ind2=" ">
    <subfield code="a">3 Academy Awards for Best Cinematography, Best Actress in a Supporting Role, Best Art Direction, 1964</subfield>
  </datafield>
  <datafield tag="650" ind1=" " ind2=" ">
    <subfield code="9">24627</subfield>
    <subfield code="a">Love</subfield>
    <subfield code="v">Drama</subfield>
  </datafield>
  <datafield tag="650" ind1=" " ind2=" ">
    <subfield code="9">25602</subfield>
    <subfield code="a">Authors, English </subfield>
    <subfield code="v">Drama </subfield>
    <subfield code="z">Greece |Crete</subfield>
  </datafield>
  <datafield tag="653" ind1=" " ind2=" ">
    <subfield code="c">June2011</subfield>
    <subfield code="c">June2011</subfield>
  </datafield>
  <datafield tag="655" ind1=" " ind2=" ">
    <subfield code="a">Feature films</subfield>
  </datafield>
  <datafield tag="655" ind1=" " ind2=" ">
    <subfield code="a">Fiction films</subfield>
  </datafield>
  <datafield tag="700" ind1=" " ind2=" ">
    <subfield code="9">25603</subfield>
    <subfield code="a">Cacoyannis, Michael</subfield>
    <subfield code="e">drt</subfield>
    <subfield code="e">aus</subfield>
    <subfield code="e">pro</subfield>
    <subfield code="e">flm</subfield>
  </datafield>
  <datafield tag="700" ind1=" " ind2=" ">
    <subfield code="9">25604</subfield>
    <subfield code="a">Quinn, Anthony</subfield>
    <subfield code="d">1915-2001</subfield>
    <subfield code="e">act</subfield>
  </datafield>
  <datafield tag="700" ind1=" " ind2=" ">
    <subfield code="9">25605</subfield>
    <subfield code="a">Bates, Alan</subfield>
    <subfield code="d">1934-2003</subfield>
    <subfield code="e">act</subfield>
  </datafield>
  <datafield tag="700" ind1=" " ind2=" ">
    <subfield code="9">25606</subfield>
    <subfield code="a">Papas, Irene</subfield>
    <subfield code="e">act</subfield>
  </datafield>
  <datafield tag="700" ind1=" " ind2=" ">
    <subfield code="9">25607</subfield>
    <subfield code="a">Kedrova, Lila</subfield>
    <subfield code="e">act</subfield>
  </datafield>
  <datafield tag="700" ind1=" " ind2=" ">
    <subfield code="9">25608</subfield>
    <subfield code="a">Foundas, George</subfield>
    <subfield code="e">act</subfield>
  </datafield>
  <datafield tag="700" ind1=" " ind2=" ">
    <subfield code="9">25609</subfield>
    <subfield code="a">Kazantzakis, Nikos</subfield>
    <subfield code="d">1883-1957</subfield>
    <subfield code="e">aut</subfield>
  </datafield>
  <datafield tag="700" ind1=" " ind2=" ">
    <subfield code="9">25610</subfield>
    <subfield code="a">Lassally, Walter </subfield>
    <subfield code="e">cng</subfield>
  </datafield>
  <datafield tag="700" ind1=" " ind2=" ">
    <subfield code="9">25611</subfield>
    <subfield code="a">Theodorakis, Mikis</subfield>
    <subfield code="e">cmp</subfield>
  </datafield>
  <datafield tag="700" ind1=" " ind2=" ">
    <subfield code="9">25611</subfield>
    <subfield code="a">Theodorakis, Mikis</subfield>
    <subfield code="e">cmp</subfield>
  </datafield>
  <datafield tag="710" ind1=" " ind2=" ">
    <subfield code="9">25600</subfield>
    <subfield code="a">Twentieth Century-Fox Film Corporation   </subfield>
  </datafield>
  <datafield tag="710" ind1=" " ind2=" ">
    <subfield code="9">25601</subfield>
    <subfield code="a">Twentieth Century Fox Home Entertainment, Inc </subfield>
  </datafield>
  <datafield tag="942" ind1=" " ind2=" ">
    <subfield code="2">ddc</subfield>
    <subfield code="c">CDVDMOV</subfield>
  </datafield>
  <datafield tag="999" ind1=" " ind2=" ">
    <subfield code="c">15643</subfield>
    <subfield code="d">15643</subfield>
  </datafield>
  <datafield tag="952" ind1=" " ind2=" ">
    <subfield code="0">0</subfield>
    <subfield code="1">0</subfield>
    <subfield code="2">ddc</subfield>
    <subfield code="4">0</subfield>
    <subfield code="7">0</subfield>
    <subfield code="8">Baccah</subfield>
    <subfield code="a">MAIN</subfield>
    <subfield code="b">MAIN</subfield>
    <subfield code="c">2ND</subfield>
    <subfield code="d">2011-06-20</subfield>
    <subfield code="e">Purchase</subfield>
    <subfield code="g">156.00</subfield>
    <subfield code="h">12512</subfield>
    <subfield code="l">0</subfield>
    <subfield code="o">791.4372 ZOR</subfield>
    <subfield code="p">000024269</subfield>
    <subfield code="r">2022-08-24 00:00:00</subfield>
    <subfield code="w">2011-06-20</subfield>
    <subfield code="y">CDVDMOV</subfield>
  </datafield>
</record>
